| 000 | 00406nam a22001457a 4500 | ||
|---|---|---|---|
| 020 | _a9788120321694 | ||
| 040 | _cNust | ||
| 082 |
_a621.382 _bTOM |
||
| 100 |
_aWayne Tomasi _9125005 |
||
| 245 | _aAdvanced electronic communication system | ||
| 250 | _a5th Edition | ||
| 260 |
_aNew Delhi: _bPrentice Hall India, _c2003. |
||
| 650 |
_aAdvanced electronic communication system _9125006 |
||
| 942 |
_2ddc _cBK |
||
| 999 |
_c610767 _d610767 |
||